|
|
|
|
| LEADER |
00000nam a22000005a 4500 |
| 003 |
CL-ChBUA |
| 005 |
20120815095531.0 |
| 008 |
110908s1999 mx ||||| |||| 000 ||spa |
| 020 |
|
|
|a 9701702662
|
| 040 |
|
|
|a CL-ChBUA
|c CL-ChBUA
|
| 082 |
0 |
0 |
|a 628
|
| 090 |
|
|
|c 28760
|d 28760
|
| 100 |
1 |
|
|a Henry, J. Glynn
|
| 245 |
1 |
0 |
|a Ingeniería ambiental
|
| 250 |
|
|
|a 2ª ed.
|
| 260 |
|
|
|a México, D.F.
|b Pearson
|c 1999
|
| 300 |
|
|
|a xxii, 778 p.
|c 26 cm.
|
| 504 |
|
|
|a índice, apéndice, il., gráfs.
|
| 650 |
|
4 |
|a INGENIERIA AMBIENTAL.
|
| 700 |
1 |
|
|a Heinke, Gary W.
|
| 942 |
|
|
|c LIB
|
| 952 |
|
|
|0 0
|1 0
|4 0
|7 0
|9 67456
|a UNACH
|b UNACH
|c 600
|d 2011-09-08
|i 47.846
|l 0
|o 628 / H 521
|p 68588
|r 2024-10-01 00:00:00
|u 67456
|w 2012-08-08
|y LIB
|k 628 / H 521
|
| 999 |
|
|
|c 28760
|d 28760
|